| 000 | 00880nam a2200265 a 4500 | ||
|---|---|---|---|
| 003 | CO-ViMGA | ||
| 005 | 20230915233600.0 | ||
| 008 | 090221 2008 mx a jr 0001j spa d | ||
| 020 | _a9789681685782 | ||
| 040 |
_aCO-ViMGA _bspa _cCO-ViMGA |
||
| 041 | 1 | _heng | |
| 043 | _an-us--- | ||
| 082 | 0 | 4 |
_aI813.5 _bB76c3 _221 |
| 100 | 1 |
_aBrowne, Anthony, _d1946-. _912469 |
|
| 245 | 1 | 0 |
_aCosita linda / _cAnthony Browne ; traducción de Teresa Mlawer. |
| 260 | 3 |
_aMéxico : _bFondo de Cultura Económica, _c2008. |
|
| 300 |
_a[30] p. : _bil. ; _c30 cm. |
||
| 534 |
_pTitulo original : _tLittle beauty. |
||
| 650 | 1 | 4 |
_aAmistad _v Cuentos infantiles. _9105 |
| 650 | 1 | 4 |
_aCuentos infantiles estadounidenses. _9299 |
| 650 | 1 | 4 |
_aGatos _v Cuentos infantiles. _91965 |
| 650 | 6 |
_aGorilas _v Cuentos infantiles. _912470 |
|
| 650 | 6 |
_aLibros ilustrados para niños. _987 |
|
| 942 |
_2ddc _cBK |
||
| 999 |
_c6517 _d6517 |
||